000 00793cam a2200265 a 4500
001 000018324
005 20200929165444.0
008 711217s1969 mx 000 f spa d
025 _aLACAP69-4931
035 _a(DLC) 73439364
035 _a(OCoLC)184377
040 _aDO-SdBNP
_cOAU
_dOCoLC
_dDLC
_dBNPHU
042 _apremarc
082 _aG863.4
_bC268d
100 1 _aCardoza y Aragón, Luis,
_d1904-1992
_939686
245 1 0 _aDibujos de ciego /
_cLuis Cardoza y Aragón.
260 _aMéxico :
_bSiglo XXI,
_c1969.
300 _a163 p. ;
_c18 cm.
490 1 _aLa Creación literaria
650 4 _aNovela guatemalteca
_95392
650 4 _aLiteratura guatemalteca
_95393
830 0 _aLa Creación literaria ;
_939687
910 _aCatalogación por derivada / LC
049 _aBNGR
999 _c17845
_d17845